IFM Opac

The management of Libraries (Record no. 19137)

MARC details
000 -LEADER
fixed length control field 00244nam a22001097a 4500
082 ## - DEWEY DECIMAL CLASSIFICATION NUMBER
Classification number 021 LOW
100 ## - MAIN ENTRY--PERSONAL NAME
Personal name Lowell
245 ## - TITLE STATEMENT
Title The management of Libraries
260 ## - PUBLICATION, DISTRIBUTION, ETC.
Place of publication, distribution, etc. India
Name of publisher, distributor, etc. The Scarecrow
Date of publication, distribution, etc. 1968
300 ## - PHYSICAL DESCRIPTION
Extent xvi,359p
Other physical details ill.;23cm
942 ## - ADDED ENTRY ELEMENTS (KOHA)
Koha item type Books

No items available.